Gaming Quiz

Random Gaming or Pokémon Quiz

Gaming by Numbers Quiz Stats

 Plays Quiz Updated Mar 15, 2019

Score 0/55 Timer 06:00
4 Plays Today
% Correct
Queen
96%
King
95.9%
Pawn
93.6%
Knight
92%
Rook
92%
Flush
91.7%
Mario
91.6%
Bishop
89.1%
Luigi
88.6%
Straight Flush
88.3%
Just Visiting
88.1%
Straight
88.1%
Go
87.4%
Kitchen
87.1%
Full House
86.6%
Two Pairs
84.5%
Three of a kind
84.4%
One Pair
84%
Royal Flush
83.7%
Four of a kind
79%
Pikachu
74.9%
Chance
74.4%
Double word
71.9%
Triple word
71.8%
Community Chest
70.1%
Double letter
69.9%
Triple letter
69.8%
Free Parking
69.4%
% Correct
Library
69.2%
Battleship
68.5%
High Card
66.3%
Cherry
64.8%
Dining Room
63.5%
Hall
63.4%
Aircraft Carrier
63.1%
Go to jail
62.8%
Adam's Apple
61.4%
Apple
58.6%
Submarine
55.8%
Study
55.4%
Orange
53.7%
Banana
52%
Luxury Tax (Super Tax)
50.5%
Destroyer
49.8%
Conservatory
48.1%
Income Tax
45.6%
Cruiser or Patrol Boat
44.2%
Strawberry
42%
Billiard Room
41.9%
Ballroom
39.6%
Lounge
35.1%
Pear
20.9%
Bread Basket
19.1%
Pretzel
12.5%
Spare Ribs
10%

You're not logged in!

Compare scores with friends on all Sporcle quizzes.
OR
Log In

Show Comments

Extras

Top Quizzes Today


Score Distribution

Your Account Isn't Verified!

In order to create a playlist on Sporcle, you need to verify the email address you used during registration. Go to your Sporcle Settings to finish the process.

Report this User

Report this user for behavior that violates our Community Guidelines.

Details: